<?xml version="1.0" encoding="UTF-8"?>
<record
    xmlns:xsi="http://www.w3.org/2001/XMLSchema-instance"
    xsi:schemaLocation="http://www.loc.gov/MARC21/slim http://www.loc.gov/standards/marcxml/schema/MARC21slim.xsd"
    xmlns="http://www.loc.gov/MARC21/slim">

  <leader>00716nam a22002177a 4500</leader>
  <controlfield tag="005">20171205160942.0</controlfield>
  <datafield tag="010" ind1=" " ind2=" ">
    <subfield code="a">B-505447-453 ENG-121430</subfield>
  </datafield>
  <datafield tag="020" ind1=" " ind2=" ">
    <subfield code="c">125.00</subfield>
    <subfield code="a">9788182110002</subfield>
  </datafield>
  <datafield tag="035" ind1=" " ind2=" ">
    <subfield code="a">B-505447-453</subfield>
  </datafield>
  <datafield tag="035" ind1=" " ind2=" ">
    <subfield code="a">EN-104962</subfield>
  </datafield>
  <datafield tag="037" ind1=" " ind2=" ">
    <subfield code="b">KKP/Ven</subfield>
    <subfield code="a">dpl</subfield>
  </datafield>
  <datafield tag="037" ind1=" " ind2=" ">
    <subfield code="b">DBAD/PUB</subfield>
  </datafield>
  <datafield tag="082" ind1=" " ind2=" ">
    <subfield code="a">480.141</subfield>
  </datafield>
  <datafield tag="100" ind1=" " ind2=" ">
    <subfield code="a">Anil Kumar</subfield>
  </datafield>
  <datafield tag="245" ind1=" " ind2=" ">
    <subfield code="a">Spoken English:</subfield>
    <subfield code="c">by Anil Kumar</subfield>
    <subfield code="b">learn to say it right/</subfield>
  </datafield>
  <datafield tag="260" ind1=" " ind2=" ">
    <subfield code="a">New Delhi</subfield>
    <subfield code="b">The Readers Paradise</subfield>
    <subfield code="c">2012</subfield>
  </datafield>
  <datafield tag="270" ind1=" " ind2=" ">
    <subfield code="a">103, 4787/23 Ansari Road, Darya Ganj</subfield>
    <subfield code="b">New Delhi</subfield>
    <subfield code="e">110002</subfield>
  </datafield>
  <datafield tag="300" ind1="1" ind2=" ">
    <subfield code="a">212p.</subfield>
    <subfield code="c">21cm (pbk)</subfield>
  </datafield>
  <datafield tag="942" ind1=" " ind2=" ">
    <subfield code="2">ddc</subfield>
    <subfield code="c">EN</subfield>
    <subfield code="h">480.141</subfield>
    <subfield code="m">ANI</subfield>
  </datafield>
  <datafield tag="999" ind1=" " ind2=" ">
    <subfield code="c">82977</subfield>
    <subfield code="d">82977</subfield>
  </datafield>
  <datafield tag="952" ind1=" " ind2=" ">
    <subfield code="0">0</subfield>
    <subfield code="1">5</subfield>
    <subfield code="4">0</subfield>
    <subfield code="7">0</subfield>
    <subfield code="8">NFIC</subfield>
    <subfield code="a">BL1</subfield>
    <subfield code="b">BL1</subfield>
    <subfield code="d">2014-03-13</subfield>
    <subfield code="e">KKP/BL2984/11.03.2013/172/11.03.2013/20.03.2013</subfield>
    <subfield code="g">125.00</subfield>
    <subfield code="l">0</subfield>
    <subfield code="o">480.141 ANI</subfield>
    <subfield code="p">B-505447</subfield>
    <subfield code="r">2014-03-13 00:00:00</subfield>
    <subfield code="t">1</subfield>
    <subfield code="v">125.00</subfield>
    <subfield code="y">EN</subfield>
  </datafield>
  <datafield tag="952" ind1=" " ind2=" ">
    <subfield code="0">0</subfield>
    <subfield code="1">0</subfield>
    <subfield code="4">0</subfield>
    <subfield code="7">0</subfield>
    <subfield code="8">NFIC</subfield>
    <subfield code="a">JP</subfield>
    <subfield code="b">JP</subfield>
    <subfield code="d">2014-03-13</subfield>
    <subfield code="e">KKP/BL2984/11.03.2013/172/11.03.2013/20.03.2013</subfield>
    <subfield code="g">125.00</subfield>
    <subfield code="l">38</subfield>
    <subfield code="m">8</subfield>
    <subfield code="o">480.141 ANI</subfield>
    <subfield code="p">B-505448</subfield>
    <subfield code="r">2017-01-03 00:00:00</subfield>
    <subfield code="s">2016-12-20</subfield>
    <subfield code="t">1</subfield>
    <subfield code="v">125.00</subfield>
    <subfield code="y">EN</subfield>
  </datafield>
  <datafield tag="952" ind1=" " ind2=" ">
    <subfield code="0">0</subfield>
    <subfield code="1">0</subfield>
    <subfield code="4">0</subfield>
    <subfield code="7">0</subfield>
    <subfield code="8">NFIC</subfield>
    <subfield code="a">BL3</subfield>
    <subfield code="b">BL3</subfield>
    <subfield code="d">2014-03-13</subfield>
    <subfield code="e">KKP/BL2984/11.03.2013/172/11.03.2013/20.03.2013</subfield>
    <subfield code="g">125.00</subfield>
    <subfield code="l">0</subfield>
    <subfield code="o">480.141 ANI</subfield>
    <subfield code="p">B-505449</subfield>
    <subfield code="r">2014-03-13 00:00:00</subfield>
    <subfield code="t">1</subfield>
    <subfield code="v">125.00</subfield>
    <subfield code="y">EN</subfield>
  </datafield>
  <datafield tag="952" ind1=" " ind2=" ">
    <subfield code="0">0</subfield>
    <subfield code="1">0</subfield>
    <subfield code="4">0</subfield>
    <subfield code="7">0</subfield>
    <subfield code="8">NFIC</subfield>
    <subfield code="a">NR</subfield>
    <subfield code="b">NR</subfield>
    <subfield code="d">2014-03-13</subfield>
    <subfield code="e">KKP/BL2984/11.03.2013/172/11.03.2013/20.03.2013</subfield>
    <subfield code="g">125.00</subfield>
    <subfield code="l">0</subfield>
    <subfield code="o">480.141 ANI</subfield>
    <subfield code="p">B-505450</subfield>
    <subfield code="r">2014-03-13 00:00:00</subfield>
    <subfield code="t">1</subfield>
    <subfield code="v">125.00</subfield>
    <subfield code="y">EN</subfield>
  </datafield>
  <datafield tag="952" ind1=" " ind2=" ">
    <subfield code="0">0</subfield>
    <subfield code="1">5</subfield>
    <subfield code="4">0</subfield>
    <subfield code="7">0</subfield>
    <subfield code="8">NFIC</subfield>
    <subfield code="a">BN</subfield>
    <subfield code="b">BN</subfield>
    <subfield code="d">2014-03-13</subfield>
    <subfield code="e">KKP/BL2984/11.03.2013/172/11.03.2013/20.03.2013</subfield>
    <subfield code="g">125.00</subfield>
    <subfield code="l">0</subfield>
    <subfield code="o">480.141 ANI</subfield>
    <subfield code="p">B-505451</subfield>
    <subfield code="r">2014-03-13 00:00:00</subfield>
    <subfield code="t">1</subfield>
    <subfield code="v">125.00</subfield>
    <subfield code="y">EN</subfield>
  </datafield>
  <datafield tag="952" ind1=" " ind2=" ">
    <subfield code="0">0</subfield>
    <subfield code="1">0</subfield>
    <subfield code="4">0</subfield>
    <subfield code="7">0</subfield>
    <subfield code="8">NFIC</subfield>
    <subfield code="a">BL4</subfield>
    <subfield code="b">BL4</subfield>
    <subfield code="d">2014-03-13</subfield>
    <subfield code="e">KKP/BL2984/11.03.2013/172/11.03.2013/20.03.2013</subfield>
    <subfield code="g">125.00</subfield>
    <subfield code="l">21</subfield>
    <subfield code="m">10</subfield>
    <subfield code="o">480.141 ANI</subfield>
    <subfield code="p">B-505452</subfield>
    <subfield code="r">2025-03-05 00:00:00</subfield>
    <subfield code="s">2025-01-21</subfield>
    <subfield code="t">1</subfield>
    <subfield code="v">125.00</subfield>
    <subfield code="y">EN</subfield>
  </datafield>
  <datafield tag="952" ind1=" " ind2=" ">
    <subfield code="0">0</subfield>
    <subfield code="1">0</subfield>
    <subfield code="4">0</subfield>
    <subfield code="7">0</subfield>
    <subfield code="8">NFIC</subfield>
    <subfield code="a">YV</subfield>
    <subfield code="b">YV</subfield>
    <subfield code="d">2014-03-13</subfield>
    <subfield code="e">KKP/BL2984/11.03.2013/172/11.03.2013/20.03.2013</subfield>
    <subfield code="g">125.00</subfield>
    <subfield code="l">1</subfield>
    <subfield code="m">2</subfield>
    <subfield code="o">480.141 ANI</subfield>
    <subfield code="p">B-505453</subfield>
    <subfield code="r">2022-01-12 00:00:00</subfield>
    <subfield code="s">2021-12-14</subfield>
    <subfield code="t">1</subfield>
    <subfield code="v">125.00</subfield>
    <subfield code="y">EN</subfield>
  </datafield>
  <datafield tag="952" ind1=" " ind2=" ">
    <subfield code="0">0</subfield>
    <subfield code="1">0</subfield>
    <subfield code="4">0</subfield>
    <subfield code="7">1</subfield>
    <subfield code="8">NFIC</subfield>
    <subfield code="a">DBAD</subfield>
    <subfield code="b">DBAD</subfield>
    <subfield code="d">2017-12-05</subfield>
    <subfield code="e">DBAD/PUB</subfield>
    <subfield code="g">125.00</subfield>
    <subfield code="l">0</subfield>
    <subfield code="o">480.141 ANI</subfield>
    <subfield code="p">EN-104962</subfield>
    <subfield code="r">2017-12-05 00:00:00</subfield>
    <subfield code="t">1</subfield>
    <subfield code="v">125.00</subfield>
    <subfield code="w">2017-12-05</subfield>
    <subfield code="y">EN</subfield>
  </datafield>
</record>
